[Event "Wch Seniors (Women) 21st"]
[Site "Rijeka"]
[Date "2011.11.16"]
[Round "2"]
[White "Blagonadezhnaya, Idea"]
[Black "Milashevskaja, Valentina"]
[Result "1/2-1/2"]
[WhiteElo "1898"]
[BlackElo "1783"]
[PlyCount "32"]
[EventDate "2011.11.15"]
[EventType "swiss"]
[EventRounds "11"]
[EventCountry "CRO"]
[SourceTitle "CBM 145 Extra"]
[Source "ChessBase"]
[SourceDate "2012.01.03"]
[SourceVersion "1"]
[SourceVersionDate "2012.01.03"]
[SourceQuality "1"]

1. e4 c5 2. Nf3 d6 3. d4 cxd4 4. Nxd4 Nf6 5. Nc3 a6 6. Be2 g6 7. 0-0 Bg7 8. Be3 0-0 9. Qd2 Nc6 10. Nxc6 bxc6 11. Bh6 Qb6 12. Bxg7 Kxg7 13. b3 Qb4 14. Bd3 a5 15. a3 Qd4 16. Rad1 Bg4 1/2-1/2

[Event "RUS-ch Seniors (Women)"]
[Site "Odintsovo"]
[Date "2011.04.19"]
[Round "1"]
[White "Blagonadezhnaya, Idea"]
[Black "Sorokina, Tamara"]
[Result "1/2-1/2"]
[WhiteElo "1931"]
[BlackElo "2154"]
[PlyCount "31"]
[EventDate "2011.04.19"]
[EventType "swiss"]
[EventRounds "9"]
[EventCountry "RUS"]
[SourceTitle "CBM 142 Extra"]
[Source "ChessBase"]
[SourceDate "2011.06.27"]
[SourceVersion "1"]
[SourceVersionDate "2011.06.27"]
[SourceQuality "1"]

1. e4 c5 2. g3 Nc6 3. Bg2 g6 4. Nf3 Bg7 5. 0-0 e6 6. d3 Nge7 7. Nc3 0-0 8. Be3 Nd4 9. Qd2 e5 10. Bh6 d6 11. Bxg7 Kxg7 12. Ne2 Nxf3+ 13. Bxf3 f5 14. Bg2 Nc6 15. f4 Qe7 16. Rae1 1/2-1/2

[Event "Wch Seniors (Women) 20th"]
[Site "Arco"]
[Date "2010.10.26"]
[Round "1"]
[White "Blagonadezhnaya, Idea"]
[Black "Fatalibekova, Elena"]
[Result "0-1"]
[WhiteElo "1958"]
[BlackElo "2270"]
[PlyCount "122"]
[EventDate "2010.10.26"]
[EventType "swiss"]
[EventRounds "9"]
[EventCountry "ITA"]
[SourceTitle "EXT 2011"]
[Source "ChessBase"]
[SourceDate "2010.11.26"]
[SourceVersion "1"]
[SourceVersionDate "2010.11.26"]
[SourceQuality "1"]

1. e4 c5 2. Nf3 Nc6 3. d4 cxd4 4. Nxd4 g6 5. Nxc6 bxc6 6. c4 Bg7 7. Bd3 Nf6 8. 0-0 0-0 9. Nc3 d5 10. cxd5 cxd5 11. exd5 Nxd5 12. Nxd5 Qxd5 13. Qc2 Bb7 14. f3 Rfd8 15. Be4 Qe6 16. Bd3 Rxd3 17. Qxd3 Ba6 18. Qe4 Qxe4 19. fxe4 Bd4+ 20. Rf2 Rc8 21. Bf4 Rc2 22. Bg3 Rxb2 23. Rd1 Bb6 24. h3 Rxa2 25. Rb1 Bc4 26. Rb4 Rc2 27. Rxb6 Rc1+ 28. Kh2 axb6 29. Bc7 b5 30. Bd8 Kf8 31. Rd2 b4 32. Ba5 b3 33. Kg3 f6 34. Bb4 Be6 35. Ba3 Ra1 36. Bb2 Re1 37. Kf3 h5 38. Rd8+ Kf7 39. Rb8 h4 40. Rb7 Rd1 41. Ke2 Rd7 42. Rb4 Rc7 43. Bd4 Rc2+ 44. Kf3 g5 45. Ba1 Ra2 46. Bd4 Rd2 47. Ba1 Rc2 48. Rb6 Bc4 49. Bd4 e5 50. Rb7+ Ke8 51. Ba1 Kd8 52. Rb6 Kc7 53. Rb4 Kc6 54. Rb8 Bb5 55. Rc8+ Kd7 56. Rxc2 bxc2 57. Bb2 Kc6 58. g3 hxg3 59. Kxg3 Bd3 60. Kf3 Kc5 61. h4 gxh4 0-1

[Event "RUS-ch Seniors (Women)"]
[Site "Lesnoj Gorodok"]
[Date "2009.10.06"]
[Round "4"]
[White "Beliaeva, Natalia"]
[Black "Blagonadezhnaya, Idea"]
[Result "1/2-1/2"]
[WhiteElo "1991"]
[BlackElo "1964"]
[PlyCount "68"]
[EventDate "2009.10.03"]
[EventType "swiss"]
[EventRounds "9"]
[EventCountry "RUS"]
[SourceTitle "CBM 132 Extra"]
[Source "ChessBase"]
[SourceDate "2009.11.03"]
[SourceVersion "1"]
[SourceVersionDate "2009.11.03"]
[SourceQuality "1"]

1. d4 g6 2. Nf3 Bg7 3. g3 Nf6 4. Bg2 0-0 5. 0-0 d6 6. c4 Nc6 7. d5 Ne5 8. Nxe5 dxe5 9. Nc3 Rb8 10. h3 e6 11. e4 exd5 12. exd5 b6 13. Re1 Ne8 14. Qc2 Nd6 15. b3 Bf5 16. Qd2 Qc8 17. Kh2 Bd7 18. Bb2 Re8 19. Re2 f5 20. Rae1 e4 21. Nd1 Qd8 22. Ne3 Qg5 23. h4 Qh6 24. Bxg7 Kxg7 25. Nc2 Qxd2 26. Rxd2 Kf6 27. Nd4 Re7 28. a4 a5 29. Rde2 Rbe8 30. Bh3 Nb7 31. Re3 Nc5 32. Bf1 h6 33. Kg2 g5 34. hxg5+ hxg5 1/2-1/2

[Event "EU-ch Seniors (Women)"]
[Site "Rogaska Slatina"]
[Date "2009.07.29"]
[Round "8"]
[White "Blagonadezhnaya, Idea"]
[Black "Beliaeva, Natalia"]
[Result "0-1"]
[WhiteElo "1964"]
[BlackElo "1991"]
[PlyCount "98"]
[EventDate "2009.07.22"]
[EventType "swiss"]
[EventRounds "9"]
[EventCountry "SLO"]
[SourceTitle "CBM 131 Extra"]
[Source "ChessBase"]
[SourceDate "2009.09.03"]
[SourceVersion "2"]
[SourceVersionDate "2009.09.16"]
[SourceQuality "1"]

1. e4 c6 2. Nf3 d5 3. exd5 cxd5 4. Bb5+ Bd7 5. Bxd7+ Nxd7 6. d4 e6 7. 0-0 Bd6 8. Re1 Ngf6 9. Bg5 0-0 10. c3 Qc7 11. Bh4 b5 12. Bg3 Ne4 13. Bxd6 Nxd6 14. Na3 a6 15. Nc2 Nc4 16. Rb1 Rfc8 17. Nb4 a5 18. Nd3 Qd6 19. a3 h6 20. Nfe5 Ndxe5 21. Nxe5 b4 22. axb4 axb4 23. cxb4 Qxb4 24. Nd3 Qb8 25. b3 Nd6 26. Nc5 Ra2 27. h3 Qb4 28. Re3 Nb5 29. Rd3 Nxd4 30. Rxd4 Qxc5 31. Rd2 Rxd2 32. Qxd2 Rb8 33. b4 Qc4 34. Qb2 Rb5 35. Qb3 Qxb3 36. Rxb3 d4 37. Kf1 e5 38. f3 Kf8 39. Ke2 Ke7 40. Kd3 Kd6 41. Kc4 Rb7 42. b5 Rc7+ 43. Kb4 f5 44. b6 Rb7 45. Kb5 e4 46. Kc4 d3 47. Kd4 d2 48. Rb1 Kc6 49. fxe4 Rd7+ 0-1

[Event "RUS-ch Seniors (Women)"]
[Site "Odintsovo"]
[Date "2008.10.08"]
[Round "6"]
[White "Malkova, Nadezhda"]
[Black "Blagonadezhnaya, Idea"]
[Result "0-1"]
[WhiteElo "2037"]
[BlackElo "1965"]
[PlyCount "48"]
[EventDate "2008.10.02"]
[EventType "swiss"]
[EventRounds "9"]
[EventCountry "RUS"]
[SourceTitle "CBM 127 Extra"]
[Source "ChessBase"]
[SourceDate "2009.01.08"]
[SourceVersion "2"]
[SourceVersionDate "2009.01.28"]
[SourceQuality "1"]

1. d4 g6 2. c4 Bg7 3. Nc3 d6 4. Nf3 Nc6 5. Bf4 e5 6. dxe5 dxe5 7. Qxd8+ Kxd8 8. 0-0-0+ Bd7 9. Bg3 h6 10. e3 Nge7 11. Bd3 f5 12. Bc2 Ke8 13. Nd5 Rc8 14. Ba4 e4 15. Nxe7 Kxe7 16. Nh4 Be8 17. Bxc6 bxc6 18. f4 Ke6 19. Rhf1 Rf8 20. Be1 g5 21. Bb4 gxh4 22. Bxf8 Bxf8 23. Rd2 Bc5 24. Re2 Bh5 0-1

[Event "EU-ch Seniors 07th"]
[Site "Hockenheim"]
[Date "2007.06.06"]
[Round "5"]
[White "Blagonadezhnaya, Idea"]
[Black "Barlo, Werner"]
[Result "1/2-1/2"]
[WhiteElo "2017"]
[BlackElo "1871"]
[PlyCount "38"]
[EventDate "2007.06.02"]
[EventType "swiss"]
[EventRounds "9"]
[EventCountry "GER"]
[SourceTitle "CBM 118 Extra"]
[Source "ChessBase"]
[SourceDate "2007.07.04"]
[SourceVersion "1"]
[SourceVersionDate "2007.07.04"]
[SourceQuality "1"]

1. e4 e6 2. d4 d5 3. exd5 exd5 4. Bf4 Nf6 5. Bd3 Bd6 6. Ne2 0-0 7. 0-0 Bg4 8. f3 Be6 9. Qd2 Bxf4 10. Nxf4 Qd6 11. Nxe6 fxe6 12. Na3 a6 13. c3 Nbd7 14. Nc2 e5 15. dxe5 Nxe5 16. Nd4 Nxd3 17. Qxd3 Rae8 18. Rae1 g6 19. Qd2 Kg7 1/2-1/2

[Event "EU-ch Seniors 07th"]
[Site "Hockenheim"]
[Date "2007.06.03"]
[Round "2"]
[White "Bartle, Georg"]
[Black "Blagonadezhnaya, Idea"]
[Result "1/2-1/2"]
[WhiteElo "1724"]
[BlackElo "2017"]
[PlyCount "66"]
[EventDate "2007.06.02"]
[EventType "swiss"]
[EventRounds "9"]
[EventCountry "GER"]
[SourceTitle "CBM 118 Extra"]
[Source "ChessBase"]
[SourceDate "2007.07.04"]
[SourceVersion "1"]
[SourceVersionDate "2007.07.04"]
[SourceQuality "1"]

1. b4 g6 2. Bb2 Nf6 3. c4 Bg7 4. e3 0-0 5. Nf3 c6 6. Be2 d5 7. d4 Ne4 8. Nbd2 f5 9. Qb3 h6 10. 0-0 Na6 11. a4 Nc7 12. Rfc1 Kh7 13. Rc2 Ne6 14. Ne1 Nxd2 15. Rxd2 Ng5 16. f3 f4 17. Nc2 Be6 18. Rf1 Qc7 19. c5 Bf5 20. Bd3 Bxd3 21. Qxd3 e5 22. dxe5 Bxe5 23. Bxe5 Qxe5 24. exf4 Qxf4 25. Re2 Rae8 26. Rfe1 Rxe2 27. Qxe2 Kg7 28. Qd3 Qf5 29. Qe2 Qf6 30. Qe3 Qf4 31. Qd3 Qf5 32. Qe2 Qf6 33. Qe3 Qf4 1/2-1/2

[Event "Wch Seniors (Women) 16th"]
[Site "Arvier"]
[Date "2006.09.21"]
[Round "10"]
[White "Khmiadashvili, Tamari"]
[Black "Blagonadezhnaya, Idea"]
[Result "1-0"]
[WhiteElo "2210"]
[BlackElo "2049"]
[PlyCount "55"]
[EventDate "2006.09.11"]
[EventType "swiss"]
[EventRounds "11"]
[EventCountry "ITA"]
[SourceTitle "CBM 114 Extra"]
[Source "ChessBase"]
[SourceDate "2006.11.03"]
[SourceVersion "1"]
[SourceVersionDate "2006.11.03"]
[SourceQuality "1"]

1. c4 g6 2. Nc3 Bg7 3. g3 Nf6 4. Bg2 c6 5. e4 d6 6. Nge2 0-0 7. 0-0 Be6 8. d3 Qc8 9. Nf4 Bd7 10. d4 e5 11. dxe5 dxe5 12. Nd3 Bh3 13. Be3 Bxg2 14. Kxg2 Nbd7 15. f3 Re8 16. a4 b6 17. a5 Bf8 18. b4 Qc7 19. Qc2 Rec8 20. Qa2 a6 21. axb6 Nxb6 22. c5 Nbd7 23. Na4 a5 24. Nb6 Nxb6 25. cxb6 Qd7 26. Nxe5 axb4 27. Qxa8 Rxa8 28. Nxd7 1-0

[Event "Wch Seniors (Women) 16th"]
[Site "Arvier"]
[Date "2006.09.13"]
[Round "3"]
[White "Shah, Anila Kishorekumar"]
[Black "Blagonadezhnaya, Idea"]
[Result "0-1"]
[WhiteElo "1400"]
[BlackElo "2049"]
[PlyCount "96"]
[EventDate "2006.09.11"]
[EventType "swiss"]
[EventRounds "11"]
[EventCountry "ITA"]
[SourceTitle "CBM 114 Extra"]
[Source "ChessBase"]
[SourceDate "2006.11.03"]
[SourceVersion "1"]
[SourceVersionDate "2006.11.03"]
[SourceQuality "1"]

1. e4 g6 2. Nc3 Bg7 3. d4 d6 4. b3 Nf6 5. Bb2 0-0 6. h3 c5 7. Nf3 cxd4 8. Nxd4 Nc6 9. Nxc6 bxc6 10. Qf3 Be6 11. 0-0-0 Qc7 12. g4 d5 13. Qd3 Qf4+ 14. Qe3 Qxe3+ 15. fxe3 Nxe4 16. Nxe4 Bxb2+ 17. Kxb2 dxe4 18. Rd4 c5 19. Ra4 a5 20. c4 Rfd8 21. Rh2 h6 22. Rf2 f5 23. Bg2 Kg7 24. Kc2 Ra7 25. Re2 Kf6 26. Rf2 Kg5 27. Rf1 Bd7 28. Ra3 Bc6 29. gxf5 gxf5 30. Rf4 Rd3 31. h4+ Kf6 32. Bh3 e6 33. Bg2 Rxe3 34. Kd2 Rg3 35. Bf1 e5 36. Rxf5+ Kxf5 37. Kc2 Kf4 38. Kb2 e3 39. b4 cxb4 40. Rd3 Rd7 41. a3 e2 42. Rxd7 Bxd7 43. Bxe2 Rg2 44. axb4 axb4 45. Kb3 Rxe2 46. Kxb4 e4 47. c5 Rd2 48. Kc3 e3 0-1

[Event "Sukhumi op"]
[Site "Sukhumi"]
[Date "2006.08.04"]
[Round "1"]
[White "Sorokin, Maxim"]
[Black "Blagonadezhnaya, Idea"]
[Result "1/2-1/2"]
[WhiteElo "2561"]
[BlackElo "2047"]
[PlyCount "50"]
[EventDate "2006.08.04"]
[EventType "swiss"]
[EventRounds "9"]
[EventCountry "GEO"]
[SourceTitle "EXT 2011"]
[Source "ChessBase"]
[SourceDate "2010.11.26"]
[SourceVersion "1"]
[SourceVersionDate "2010.11.26"]
[SourceQuality "1"]

1. Nf3 Nf6 2. c4 g6 3. Nc3 Bg7 4. g3 0-0 5. Bg2 d6 6. d4 Nbd7 7. 0-0 e5 8. e4 c6 9. h3 Qe8 10. b3 Nh5 11. Re1 c5 12. dxc5 dxc5 13. Nd5 Qd8 14. a3 Nb6 15. Be3 Nxd5 16. cxd5 b6 17. b4 cxb4 18. axb4 Qd6 19. Qb3 Re8 20. Nd2 Bf8 21. Nc4 Qxb4 22. Qxb4 Bxb4 23. Nxb6 axb6 24. Rxa8 Bxe1 25. Bxb6 Bb4 1/2-1/2

[Event "RUS-ch Seniors (Women)"]
[Site "Zvenigorod"]
[Date "2005.12.04"]
[Round "6"]
[White "Blagonadezhnaya, Idea"]
[Black "Trotsenko, Evgenia"]
[Result "1/2-1/2"]
[WhiteElo "2047"]
[BlackElo "2080"]
[PlyCount "47"]
[EventDate "2005.11.28"]
[EventType "swiss"]
[EventRounds "7"]
[EventCountry "RUS"]
[SourceTitle "EXT 2007"]
[Source "ChessBase"]
[SourceDate "2006.11.23"]
[SourceVersion "1"]
[SourceVersionDate "2006.11.23"]
[SourceQuality "1"]

1. e4 e6 2. d4 d5 3. exd5 exd5 4. Bf4 Nf6 5. Bd3 Be7 6. c3 0-0 7. Nf3 Bg4 8. h3 Bxf3 9. Qxf3 Nbd7 10. Nd2 Re8 11. 0-0-0 Nf8 12. g4 c6 13. g5 N6d7 14. h4 Ne6 15. Bg3 Ndf8 16. Qg2 Bd6 17. Nf3 Nf4 18. Qf1 Nxd3+ 19. Qxd3 Bxg3 20. fxg3 Qd6 21. Ne5 Ng6 22. Nxg6 Qxg6 23. Qxg6 fxg6 24. Rde1 1/2-1/2

[Event "RUS-ch Seniors (Women)"]
[Site "Zvenigorod"]
[Date "2005.12.01"]
[Round "4"]
[White "Blagonadezhnaya, Idea"]
[Black "Makogonova, Nadezhda"]
[Result "1/2-1/2"]
[WhiteElo "2047"]
[BlackElo "2049"]
[PlyCount "72"]
[EventDate "2005.11.28"]
[EventType "swiss"]
[EventRounds "7"]
[EventCountry "RUS"]
[SourceTitle "EXT 2007"]
[Source "ChessBase"]
[SourceDate "2006.11.23"]
[SourceVersion "1"]
[SourceVersionDate "2006.11.23"]
[SourceQuality "1"]

1. e4 c6 2. d4 d5 3. Nc3 dxe4 4. Nxe4 Nf6 5. Nxf6+ exf6 6. Nf3 Bd6 7. Bd3 0-0 8. 0-0 Bg4 9. h3 Bh5 10. g4 Bg6 11. Nh4 Bxd3 12. Qxd3 g6 13. Ng2 Re8 14. Bf4 Bxf4 15. Nxf4 Qd6 16. Ng2 Na6 17. a3 Rad8 18. Rad1 Nc7 19. Qf3 Re7 20. c3 a5 21. Rfe1 Rxe1+ 22. Rxe1 a4 23. Qf4 Qxf4 24. Nxf4 Kf8 25. Kf1 Ne8 26. Ke2 Nd6 27. Kd3 b5 28. Kc2 f5 29. f3 fxg4 30. hxg4 h6 31. Nd3 Nc8 32. b3 axb3+ 33. Kxb3 Nb6 34. Nb4 Rd6 35. Nd3 Nc4 36. Nc5 Nb6 1/2-1/2